Học tiếng Trung Quốc cấp tốc trong 30 ngày Trình độ sơ cấp
Giới thiệu 14 bài học tiếng Trung Quốc trình độ trung cấp. Kết cấu mỗi bài gồm có: bài học, từ vựng, chú thích, bài tập và từ vựng mở rộng
Đã lưu trong:
| Hovedforfatter: | |
|---|---|
| Andre forfattere: | |
| Format: | Bog |
| Sprog: | Undetermined |
| Udgivet: |
Tp. Hồ Chí Minh
Tổng hợp Tp. Hồ Chí Minh
2008
|
| Fag: | |
| Online adgang: | http://lrc.tdmu.edu.vn/opac/search/detail.asp?aID=2&ID=15032 |
| Tags: |
Tilføj Tag
Ingen Tags, Vær først til at tagge denne postø!
|
| Thư viện lưu trữ: | Trung tâm Học liệu Trường Đại học Thủ Dầu Một |
|---|
| LEADER | 00951nam a2200229Ia 4500 | ||
|---|---|---|---|
| 001 | TDMU_15032 | ||
| 008 | 210410s9999 xx 000 0 und d | ||
| 082 | |a 495.1 | ||
| 090 | |b TR121 | ||
| 100 | |a Trần, Như | ||
| 245 | 0 | |a Học tiếng Trung Quốc cấp tốc trong 30 ngày | |
| 245 | 0 | |b Trình độ sơ cấp | |
| 245 | 0 | |c Trần Như | |
| 260 | |a Tp. Hồ Chí Minh | ||
| 260 | |b Tổng hợp Tp. Hồ Chí Minh | ||
| 260 | |c 2008 | ||
| 300 | |a 157tr. | ||
| 520 | |a Giới thiệu 14 bài học tiếng Trung Quốc trình độ trung cấp. Kết cấu mỗi bài gồm có: bài học, từ vựng, chú thích, bài tập và từ vựng mở rộng | ||
| 650 | |a Hán ngữ | ||
| 700 | |a Lưu, Lập Tân | ||
| 856 | |u http://lrc.tdmu.edu.vn/opac/search/detail.asp?aID=2&ID=15032 | ||
| 980 | |a Trung tâm Học liệu Trường Đại học Thủ Dầu Một | ||